Märchen und Geschichten Quiz - Leicht #1 - Statistiken

Allgemein
  • Dieses Quiz wurde 631 mal gespielt
  • Das Durchschnittsergebnis liegt bei 14 aus 23
Antwortstatistiken
Frage Antwort % Korrekt
Welche Tiere waren Mitglieder der Bremer Stadtmusikanten? Esel
98%
Hahn
97%
Hund
97%
Katze
97%
Welche Haarfarbe hat Pumuckl? Rot
92%
Welche Frucht ließ Schneewittchen in einen tiefen Schlaf fallen? Apfel
91%
Womit holte Rapunzel den Königssohn in den Turm? Haare
84%
Glücksmarie und Pechmarie kamen zu Frau Holle durch einen... Brunnen
75%
Wozu verwandelt sich das Biest in "Die Schöne und das Biest"? Prinz
72%
Wie viele eiserne Bande lagen um das Herz des treuen Heinrich im Märchen "Der Froschkönig"? 3
71%
Wie spät musste Aschenputtel zu Hause sein? Mitternacht
67%
Wie lautet der Name des kleinen Hobbit im gleichnamigen Buch? Bilbo Beutlin
61%
Wie lautet die Zauberformel in "Ali Baba und die vierzig Räuber"? Sesam, öffne dich
60%
Welche Märchenfigur konnte sieben Fliegen mit einem Schlag töten? Tapferes Schneiderlein
59%
In welcher Geschichte kommt Frau Mahlzahn vor? Jim Knopf und Lukas der Lokomotivführer
54%
"Der Wind, der Wind, das himmlische Kind" ist aus... Hänsel und Gretel
47%
Was ist Urmel? Dinosaurier
38%
Wem gehörte der Teddy "Pu, der Bär"? Christopher Robin
37%
In welchem Märchen bleiben alle möglichen Menschen an einem Vogel haften? Die goldene Gans
33%
Wo schwimmen die Fische gebacken auf dem Fluss? Schlaraffenland
33%
Zu welcher Insektenart gehört Herr Sumsemann in "Peterchens Mondfahrt" Maikäfer
19%
Wo schlief Harry Potter bei den Dursleys im ersten Band der Reihe? Schrank unter der Treppe
14%
Welche Tiere bringen den Jungen in "Von einem, der auszog das Fürchten zu lernen" zum Gruseln? Gründlinge
5%
Keine übereinstimmenden Quizze gefunden
Verteilung der Resultate
Anzahl Personen mit jedem Resultat
Perzentil nach korrekt beantworteten Fragen
Ihre Resultats-Entwicklung
Sie haben dieses Quiz noch nicht gespielt